000 00481nam a2200193 a 4500
001 1770804465776
003 YourLibrary
005 20260211154104.0
008 260211s2004##################000#0#eng##
020 _a9780126561531
082 0 4 _a333.794
_bSOR
100 1 _aSørensen, Bent,
_eauthor.
245 1 0 _aRenewable Energy :
260 _bAcademic Press,
_c2004.
300 _a948 pages
650 0 _aLaw.
942 _cENGLISH
040 _aYourLibrary
_beng
_cYourLibrary
999 _c611688
_d611688